| 000 | 01098nam a2200289 a 4500 | ||
|---|---|---|---|
| 001 | 000010717 | ||
| 005 | 20240307073945.0 | ||
| 008 | 091009s1990 dr r 000 0 spa d | ||
| 040 |
_aDO-SdBNP _bspa _cBNPHU |
||
| 082 |
_a370.97293 _bH557h, 1990 |
||
| 100 | 1 |
_aHernández Disla, Pablo María, _d1942- _911 |
|
| 245 | 1 | 0 |
_aHistoria del pensamiento pedagógico en el desarrollo social / _cPablo María Hernández; prólogo Benito Hernández y Disla. |
| 250 | _a4a ed. | ||
| 260 |
_aSanto Domingo : _bUASD, _c1990. |
||
| 300 |
_a288 p. ; _c21 cm. |
||
| 490 | 1 |
_aUniversidad Autónoma de Santo Domingo _v250 |
|
| 490 | 1 |
_aEducación y sociedad _v5 |
|
| 504 | _aBibliografía: p. 283-284 | ||
| 590 | _aInventariado, 2018/VM | ||
| 650 | 4 |
_aSociología de la educación _97856 |
|
| 650 | 4 |
_aEducación _xHistoria _97857 |
|
| 700 | 1 | 2 |
_aHernández Disla, Benito, _epról. _97858 |
| 710 | 1 |
_aUniversidad Autónoma de Santo Domingo _972951 |
|
| 830 | 0 |
_aUniversidad Autónoma de Santo Domingo _v250 _917164 |
|
| 830 | 0 |
_aEducación y sociedad _n5 _97860 |
|
| 910 | _aValidado. Control de calidad. MMOLINA | ||
| 999 |
_c10472 _d10472 |
||